Large Group Interventions Engaging the Whole System for Rapid Change
Uložené v:
| Hlavný autor: | |
|---|---|
| Ďalší autori: | |
| Médium: | Kniha |
| Jazyk: | English |
| Vydavateľské údaje: |
San Francisco
Jossey-Bass Publ.
1997
|
| Vydanie: | 1. ed. |
| Edícia: | <The> Jossey-Bass business and management series
|
| Predmet: | |
| Tagy: |
Žiadne tagy, Buďte prvý, kto otaguje tento záznam!
|
MARC
| LEADER | 00000nam a2200000 4500 | ||
|---|---|---|---|
| 001 | c020162 | ||
| 005 | 20221129110218.7 | ||
| 020 | |a 0-7879-0324-8 | ||
| 041 | 0 | |a eng | |
| 044 | |a US | ||
| 245 | 1 | 0 | |a Large Group Interventions |b Engaging the Whole System for Rapid Change |c Barbara Benedict Bunker, Billie T. Alban |
| 250 | |a 1. ed. | ||
| 264 | 1 | |a San Francisco |b Jossey-Bass Publ. |c 1997 | |
| 300 | |a 246 s. | ||
| 490 | 1 | |a <The> Jossey-Bass business and management series | |
| 830 | 0 | |a <The> Jossey-Bass business and management series | |
| 610 | 2 | 0 | |a zmeny organizačné |
| 610 | 2 | 0 | |a manažment |
| 610 | 2 | 0 | |a riadenie |
| 610 | 2 | 0 | |a účasť na riadení |
| 610 | 2 | 0 | |a skupiny pracovné |
| 100 | 1 | |a Bunker, Barbara Benedict | |
| 700 | 1 | |a Alban, Billie T. | |